| 000 | 00772cab a2200241 4500 | ||
|---|---|---|---|
| 001 | WB3447-30 | ||
| 008 | 090401t1998 xxu||||| |||| 00| 0 eng d | ||
| 035 | _a(Sirsi) u90182 | ||
| 041 | _aeng | ||
| 245 | _aBan antibiotics in all farming | ||
| 260 | _c1998 | ||
| 350 | _a0 | ||
| 490 |
_aIndependent _v7 December 1998, 7(1) |
||
| 520 | _aThe Soil Association`s new report `Use and Misuse of Antibiotics in UK Agriculture` calls for a ban on all non-medical use of antibiotics. It is hoped this will reduce antibiotic resistance. | ||
| 650 | _aANTIBIOTICS | ||
| 650 | _aDRUGS | ||
| 650 | _aFARMING | ||
| 650 | _aSOIL ASSOCIATION | ||
| 650 | _aUSE AND MISUSE OF ANTIBIOTICS IN UK AGRICULTURE | ||
| 690 | _aRURAL PRACTICE | ||
| 942 | _n0 | ||
| 948 | _c08/12/1998 | ||
| 999 |
_c57134 _d57134 |
||